| 000 | 01232naa a22003377a 4500 | ||
|---|---|---|---|
| 001 | BR9202002 | ||
| 003 | BR-BrBNA | ||
| 005 | 20240918181518.0 | ||
| 007 | ta | ||
| 008 | 230509b bl.||||| |||| 00| 0 por d | ||
| 040 |
_aBR-BrBNA _bpor _cBiblioteca Nacional de Agricultura |
||
| 041 | _a(Pt) | ||
| 072 |
_aF62; F61 _b0175 _b0180 |
||
| 090 | _aF62 BR9202002 | ||
| 100 | 1 | _aDaros, E. | |
| 100 | 1 | _aRonzelli Junior, P. | |
| 100 | 1 | _aZanette, F. | |
| 100 | 1 | _aFurilhata, K.R. | |
| 111 | 1 |
_a3. Reuniao Brasileira de Triticale _cCascavel, PR (Brazil) _d18-20 Jul 1988 |
|
| 245 | 1 | _aCrescimento e desenvolvimento radicular de trigo e triticale em rizotron. 4. efeitos da saturacao de aluminio no cultivar de trigo BR-23 e triticale IAPAR 23-ARAPOTI | |
| 260 | 3 |
_aCascavel, PR (Brasil): _c1990. |
|
| 500 | _aAnais da 3. Reuniao Brasileira de Triticale Cascavel, PR (Brasil): 1990. p. 245-251 (BR9202002-AM)F62 | ||
| 650 | _aTriticale | ||
| 650 | _aTrigo | ||
| 650 | _aRaiz | ||
| 650 | _aComportamento de Variedade | ||
| 650 | _aAluminio | ||
| 773 | 0 |
_tAnais da 3. Reuniao Brasileira de Triticale _wF62 BR9202002 _gCascavel, PR (Brasil), 1990. p. 245-251 |
|
| 909 |
_a202404 _bLucia _c55 _dLucia Elande |
||
| 942 |
_cAM _2AGRIS |
||
| 999 |
_c325591 _d325591 |
||